Khám phá SQL Server 2005 /

Kaydedildi:
Detaylı Bibliyografya
Yazar: Nguyễn Thiên Bằng
Materyal Türü: Kitap
Dil:Vietnamese
Baskı/Yayın Bilgisi: Lao động xã hội 2006
Etiketler: Etiketle
Etiket eklenmemiş, İlk siz ekleyin!
Thư viện lưu trữ: Mạng thư viện Đại học Đà Nẵng
LEADER 00698nam a2200265 4500
001 000027631
003 KPSQL
005 20150403120000.0
008 150403s vm 000 vie
020 |c 0,0000 
040 |a notts 
100 |a Nguyễn Thiên Bằng 
245 |a Khám phá SQL Server 2005 /  |c Nguyễn Thiên Bằng (chủ biên), Hoàng Đức Hải ; Phương Lan hiệu đính. 
260 |b Lao động xã hội  |c 2006 
OWN |a LTT 
999 |a From the UDN01 
TYP |a Monograph 
TYP |a Printed language 
980 |a Mạng thư viện Đại học Đà Nẵng